[Event "St Petersburg Korchnoi Memorial op"]
[Site "St Petersburg"]
[Date "2019.08.19"]
[Round "6"]
[White "Emdin, Mark"]
[Black "Grigoriev, Oleg"]
[Result "1-0"]
[WhiteElo "2173"]
[BlackElo "2001"]
[PlyCount "101"]
[EventDate "2019.08.14"]
[EventType "swiss"]
[EventRounds "9"]
[EventCountry "RUS"]
[SourceTitle "CBM 192"]
[Source "ChessBase"]
[SourceDate "2019.10.31"]
[SourceVersion "1"]
[SourceVersionDate "2019.10.31"]
[SourceQuality "1"]

1. d4 Nf6 2. Nc3 d5 3. Bf4 c6 4. e3 Bf5 5. f3 e6 6. g4 Bg6 7. h4 h6 8. h5 Bh7 9. Bd3 Bd6 10. Nge2 Bxd3 11. cxd3 Bxf4 12. exf4 Nfd7 13. Qd2 Na6 14. 0-0-0 b5 15. Rde1 Qa5 16. Kb1 0-0-0 17. Ng3 c5 18. dxc5 d4 19. Nce4 Qxd2 20. Nxd2 Ndxc5 21. Re5 Kb7 22. Nb3 Nxd3 23. Rxb5+ Kc6 24. a4 Nc7 25. Rd1 Nxb5 26. axb5+ Kxb5 27. Rxd3 Kc4 28. Kc2 f6 29. Nd2+ Kb5 30. Rb3+ Kc6 31. Ra3 Kb7 32. Nge4 Rd5 33. Kd3 f5 34. Ng3 g6 35. hxg6 Rg8 36. gxf5 exf5 37. Kc4 Rdd8 38. Rb3+ Kc7 39. Nxf5 Rxg6 40. Nxd4 Rb6 41. Re3 Rd7 42. b3 h5 43. f5 h4 44. f4 a5 45. Kc3 Kb8 46. Re8+ Ka7 47. Rh8 Rb4 48. Nc6+ Kb6 49. Nxb4 axb4+ 50. Kc2 Rf7 51. Rxh4 1-0

[Event "St Petersburg Summer op"]
[Site "St Petersburg"]
[Date "2017.08.19"]
[Round "4"]
[White "Grigoriev, Oleg"]
[Black "Wagner, Dinara"]
[Result "1-0"]
[WhiteElo "2113"]
[BlackElo "2324"]
[PlyCount "85"]
[EventDate "2017.08.16"]
[EventType "swiss"]
[EventRounds "9"]
[EventCountry "RUS"]
[SourceTitle "CBM 180 Extra"]
[Source "ChessBase"]
[SourceDate "2017.10.06"]
[SourceVersion "1"]
[SourceVersionDate "2017.10.06"]
[SourceQuality "1"]

1. e4 c5 2. Nf3 e6 3. d4 cxd4 4. Nxd4 a6 5. c4 Nf6 6. Nc3 Bb4 7. Nc2 Bxc3+ 8. bxc3 Qa5 9. Qd3 Qe5 10. f3 d5 11. Qd4 Qxd4 12. cxd4 dxe4 13. fxe4 Nxe4 14. Bd3 Nf6 15. Ba3 Bd7 16. Rb1 Bc6 17. 0-0 Nbd7 18. d5 exd5 19. Nd4 dxc4 20. Nxc6 bxc6 21. Bxc4 Ne5 22. Rbe1 Nfd7 23. Bxf7+ Kd8 24. Bd6 Ng4 25. Rb1 Ngf6 26. Rb7 Ne4 27. Be6 Nec5 28. Rf7 Nxe6 29. Rbxd7+ Kc8 30. Rde7 Nd4 31. Rc7+ Kd8 32. Rfd7+ Ke8 33. Be5 Nf5 34. g4 Ne3 35. Re7+ Kd8 36. Rcd7+ Kc8 37. Rc7+ Kd8 38. Red7+ Ke8 39. Rxg7 Rf8 40. Rce7+ Kd8 41. Bc7+ Kc8 42. Rxe3 Ra7 43. Be5 1-0

[Event "St Petersburg Summer op"]
[Site "St Petersburg"]
[Date "2017.08.17"]
[Round "2"]
[White "Grigoriev, Oleg"]
[Black "Schekachikhin, Maksim"]
[Result "1/2-1/2"]
[WhiteElo "2113"]
[BlackElo "2355"]
[PlyCount "96"]
[EventDate "2017.08.16"]
[EventType "swiss"]
[EventRounds "9"]
[EventCountry "RUS"]
[SourceTitle "CBM 180 Extra"]
[Source "ChessBase"]
[SourceDate "2017.10.06"]
[SourceVersion "1"]
[SourceVersionDate "2017.10.06"]
[SourceQuality "1"]

1. e4 e6 2. d4 d5 3. Nc3 Bb4 4. e5 Ne7 5. a3 Bxc3+ 6. bxc3 c5 7. Qg4 cxd4 8. Bd3 Qa5 9. Ne2 0-0 10. Bd2 dxc3 11. Bxc3 Qd8 12. h4 Nbc6 13. h5 h6 14. Rh3 Nf5 15. Qf4 d4 16. Bxf5 exf5 17. Nxd4 Nxd4 18. Qxd4 Be6 19. Qxd8 Rfxd8 20. Rd3 Rdc8 21. Rb1 Rc7 22. Rb2 Rac8 23. Bd4 b5 24. c3 a6 25. f4 Kh7 26. Kf2 Rc6 27. Rdd2 Bc4 28. Rd1 Be6 29. Rdd2 Bc4 30. Rd1 R8c7 31. Rdd2 a5 32. Be3 Rb7 33. Rd6 Rc8 34. Ra6 Bd5 35. Bd4 a4 36. Rd6 Bc4 37. Rb6 Rxb6 38. Bxb6 Bb3 39. Bd4 Kg8 40. g3 Kf8 41. Ke3 Ke7 42. Kd3 Ke6 43. Rh2 Bd1 44. Rb2 Bb3 45. Rh2 Bc4+ 46. Ke3 Bd5 47. Rb2 Rb8 48. Bc5 g6 1/2-1/2

[Event "St Petersburg Summer op"]
[Site "St Petersburg"]
[Date "2016.08.17"]
[Round "1"]
[White "Triapishko, Alexandr"]
[Black "Grigoriev, Oleg"]
[Result "1-0"]
[WhiteElo "2466"]
[BlackElo "2033"]
[PlyCount "49"]
[EventDate "2016.08.17"]
[EventType "swiss"]
[EventRounds "9"]
[EventCountry "RUS"]
[SourceTitle "CBM 174 Extra"]
[Source "ChessBase"]
[SourceDate "2016.10.10"]
[SourceVersion "1"]
[SourceVersionDate "2016.10.10"]
[SourceQuality "1"]

1. d4 d5 2. Nc3 Nf6 3. Bf4 c5 4. e3 a6 5. Nf3 Nc6 6. h3 e6 7. a3 Bd6 8. dxc5 Bxf4 9. exf4 Qe7 10. b4 e5 11. Be2 exf4 12. 0-0 0-0 13. Re1 Be6 14. Bd3 h6 15. Ne2 g5 16. Ned4 Nxd4 17. Nxd4 Qd7 18. Re5 Rae8 19. Qe2 Ne4 20. Bxe4 dxe4 21. Qxe4 f5 22. Qd3 Bd5 23. Rxe8 Qxe8 24. Nxf5 Qe5 25. Qxd5+ 1-0

[Event "St Petersburg Spring op"]
[Site "St Petersburg"]
[Date "2011.03.31"]
[Round "9"]
[White "Grigoriev, Oleg"]
[Black "Yusupova, Lilia"]
[Result "1/2-1/2"]
[WhiteElo "1803"]
[BlackElo "1675"]
[PlyCount "80"]
[EventDate "2011.03.23"]
[EventType "swiss"]
[EventRounds "9"]
[EventCountry "RUS"]
[SourceTitle "CBM 141 Extra"]
[Source "ChessBase"]
[SourceDate "2011.05.03"]
[SourceVersion "1"]
[SourceVersionDate "2011.05.03"]
[SourceQuality "1"]

1. e4 e5 2. Nf3 d6 3. d4 Nf6 4. Nc3 Bg4 5. Be3 Nbd7 6. Be2 g6 7. h3 Bxf3 8. Bxf3 Bg7 9. d5 Nb6 10. b3 c5 11. Qe2 h5 12. a4 a5 13. Nb5 Nc8 14. Bg5 Na7 15. Na3 Qd7 16. Nc4 Qc7 17. Bd2 b6 18. 0-0 Bh6 19. Bxh6 Rxh6 20. Qd2 Rh8 21. Qg5 Nh7 22. g4 Nxg5 23. Kg2 Nxf3 24. Kxf3 b5 25. Ne3 bxa4 26. Rxa4 Nb5 27. Ke2 Nc3+ 28. Kd3 Nxa4 29. bxa4 Qb7 30. Nc4 Ke7 31. f4 hxg4 32. fxe5 Rxh3+ 33. Ke2 dxe5 34. Rxf7+ Kxf7 35. Nd6+ Kf6 36. Nxb7 c4 37. Nc5 Ke7 38. Nb7 Rh2+ 39. Ke3 Ra7 40. d6+ Kd7 1/2-1/2

[Event "St Petersburg Spring op"]
[Site "St Petersburg"]
[Date "2011.03.26"]
[Round "4"]
[White "Grigoriev, Oleg"]
[Black "Revidovich, Alexander"]
[Result "0-1"]
[WhiteElo "1803"]
[BlackElo "1984"]
[PlyCount "104"]
[EventDate "2011.03.23"]
[EventType "swiss"]
[EventRounds "9"]
[EventCountry "RUS"]
[SourceTitle "CBM 141 Extra"]
[Source "ChessBase"]
[SourceDate "2011.05.03"]
[SourceVersion "1"]
[SourceVersionDate "2011.05.03"]
[SourceQuality "1"]

1. e4 c5 2. Nf3 Nc6 3. d4 cxd4 4. Nxd4 g6 5. Nc3 Bg7 6. Be3 Nf6 7. f3 0-0 8. Qd2 d5 9. exd5 Nxd5 10. Nxd5 Qxd5 11. c4 Qd6 12. 0-0-0 Nxd4 13. Bxd4 e5 14. Be3 Qa6 15. a3 Be6 16. Qb4 Qc6 17. Kb1 Rfc8 18. c5 Bf8 19. Bb5 Qc7 20. Rc1 Qd8 21. Rhd1 Qf6 22. Qe1 Rd8 23. Qf2 Bb3 24. Rxd8 Rxd8 25. Bc4 Qf5+ 26. Ka1 Bxc4 27. Rxc4 Qd3 28. Rc3 Qd1+ 29. Rc1 Qb3 30. Qe2 Rd3 31. Bf2 Bh6 32. Rc2 Qd5 33. b4 Qb3 34. Qxd3 Qxd3 35. Kb2 e4 36. c6 bxc6 37. Be1 exf3 38. gxf3 Qxf3 39. Bc3 Bg7 40. Bxg7 Kxg7 41. a4 f5 42. Rd2 Qe4 43. Kc3 Qe6 44. h3 f4 45. Rd3 Qf6+ 46. Kc4 f3 47. Rd7+ Kh6 48. Rxa7 f2 49. Kc5 f1Q 50. Kb6 c5+ 51. Ka5 Qc4 52. Rb7 Qca6# 0-1